000 00653nam a2200241Ia 4500
001 22748
005 20240114000653.0
007 ta
008 060321s g b000 u 465 u
040 _aCotton College,Assam
041 _a465
082 _a821.9109
_bSe 55 In
100 _aSen Gupta, S.C. .
245 0 _aAn Introduction to Aristotle`s Poetics /
_cS.C. Sen Gupta.
_hTextual Documents
250 _a1st ed. /
260 _aCalcutta :
_bA. Mukherjee & Co. ,
_cnd.
300 _a131p. ;
_c21cm.
653 _aEnglish poetry-Criticism
653 _aG-English
942 _2ddc
_cBK
999 _c22730
_d22730